000 00392nam a2200157Ia 4500
008 210716s2008 xx 000 0 und d
020 _a9788187721161
041 _aeng
082 _a005.133 SELS
100 _aSelvi, S Thamarai;Murugesan, R.
245 _aC for all.
250 _a1
260 _aKumbakonam
_bAnuradha Publications
_c2008
300 _axiv,550
650 _aC Programming
999 _c189714
_d189714